Effects of manures and fertilizers of soil fauna: A review (Record no. 28694)

MARC details
000 -LEADER
fixed length control field 00395nam a2200133Ia 4500
082 ## - DEWEY DECIMAL CLASSIFICATION NUMBER
Classification number 631.8:591.9
Item number MAR
100 ## - MAIN ENTRY--AUTHOR NAME
Personal name MARSHALL, V G
245 #0 - TITLE STATEMENT
Title Effects of manures and fertilizers of soil fauna: A review
260 ## - PUBLICATION, DISTRIBUTION, ETC. (IMPRINT)
Place of publication England
Name of publisher CAB
Year of publication 1977
490 ## - SERIES STATEMENT
Series statement Commonwealth Bureau of soils, publication; no 3
650 ## - SUBJECT ADDED ENTRY--TOPICAL TERM
Topical Term Faunal manures
942 ## - ADDED ENTRY ELEMENTS (KOHA)
Koha item type Books
Holdings
Withdrawn status Lost status Damaged status Not for loan Home library Current library Date acquired Full call number Accession Number Koha item type
        RRII Library RRII Library 16/12/2021 631.8:591.9 MAR 09289 Books